[Event "Titled Tue 27th May Early"]
[Site "chess.com INT"]
[Date "2025.05.27"]
[Round "1"]
[White "Zozek Salah Mohammed"]
[Black "Toktomushev, Teimur"]
[Result "1-0"]
[WhiteTitle "FM"]
[BlackTitle "FM"]
[WhiteElo "2205"]
[BlackElo "2398"]
[WhiteFideId "4803361"]
[BlackFideId "14176726"]
[EventDate "2025.05.27"]

1. d4 d5 2. Nf3 Nf6 3. g3 e6 4. Bg2 Be7 5. O-O O-O 6. c4 c6 7. Nc3 b6 8. Nd2 Ba6
9. e4 dxc4 10. e5 Nd5 11. h4 b5 12. a3 Nd7 13. Nde4 Rc8 14. Bg5 Bxg5 15. hxg5 c5
16. Nd6 Nxc3 17. bxc3 Rc7 18. Qh5 cxd4 19. cxd4 c3 20. Be4 g6 21. Qh6 b4 22. Kg2
Bxf1+ 23. Rxf1 Re8 24. axb4 Re7 25. Bc2 Qf8 26. Qh4 Nb6 27. Rh1 Qg7 28. Ne4 Qh8
29. Nf6+ Kf8 30. Qe4 Nd5 31. Rxh7 Qxh7 32. Nxh7+ Kg7 33. Nf6 Nxb4 34. Qh4 1-0

[Event "Titled Tue 27th May Early"]
[Site "chess.com INT"]
[Date "2025.05.27"]
[Round "1"]
[White "Yglesias Herrera, Michel"]
[Black "Pakleza, Zbigniew"]
[Result "0-1"]
[WhiteTitle "CM"]
[BlackTitle "GM"]
[WhiteElo "2100"]
[BlackElo "2484"]
[WhiteFideId "3510840"]
[BlackFideId "1119290"]
[EventDate "2025.05.27"]

1. d4 d6 2. c4 e5 3. e3 Nd7 4. Nc3 Ngf6 5. Nf3 Be7 6. Be2 O-O 7. O-O c6 8. Re1
Re8 9. b3 e4 10. Nd2 d5 11. cxd5 cxd5 12. Bb2 a6 13. a4 Nf8 14. Rc1 Bd6 15. Nf1
Ng6 16. Ng3 Be6 17. Nb1 Rc8 18. Qd2 Bg4 19. a5 h5 20. Nc3 h4 21. Nf1 h3 22. g3
Bxe2 23. Nxe2 Qd7 24. Nf4 Nxf4 25. exf4 Qb5 26. Bc3 Qxb3 27. Re3 Ng4 28. Ree1
Ba3 29. Rc2 Rc6 30. f3 Nf6 31. Qe3 Qxc2 0-1

[Event "Titled Tue 27th May Early"]
[Site "chess.com INT"]
[Date "2025.05.27"]
[Round "1"]
[White "Sychev, Klementy"]
[Black "Zong, Davis"]
[Result "1-0"]
[WhiteTitle "GM"]
[BlackTitle "FM"]
[WhiteElo "2542"]
[BlackElo "2242"]
[WhiteFideId "4114060"]
[BlackFideId "30903955"]
[EventDate "2025.05.27"]

1. e4 e5 2. Nf3 Nc6 3. Bb5 a6 4. Ba4 Nf6 5. Nc3 b5 6. Bb3 Be7 7. d3 d6 8. a3 O-O
9. O-O Bg4 10. Be3 Nd4 11. Bxd4 exd4 12. Nd5 c5 13. a4 Nxd5 14. Bxd5 Rb8 15.
axb5 axb5 16. h3 Be6 17. Re1 Qb6 18. Bxe6 fxe6 19. Nd2 e5 20. Qg4 Qb7 21. Nf3
Ra8 22. h4 Kh8 23. Ng5 Bxg5 24. hxg5 Rxa1 25. Rxa1 g6 26. Qe6 Qf7 27. Qxf7 Rxf7
28. Ra6 Rd7 29. g3 Kg7 30. Kg2 Kf7 31. f4 Ke6 32. Kf3 c4 33. Rb6 cxd3 34. cxd3 1-0

[Event "Titled Tue 27th May Early"]
[Site "chess.com INT"]
[Date "2025.05.27"]
[Round "1"]
[White "Hiwale, Ronak"]
[Black "Ilinca, Felix-Antonio"]
[Result "0-1"]
[BlackTitle "IM"]
[WhiteElo "2105"]
[BlackElo "2420"]
[WhiteFideId "30975336"]
[BlackFideId "54764998"]
[EventDate "2025.05.27"]

1. Nf3 d5 2. g3 Bg4 3. Bg2 Nd7 4. d4 e6 5. O-O Ngf6 6. h3 Bh5 7. c4 dxc4 8. Nbd2
Bd6 9. Nxc4 O-O 10. Nxd6 cxd6 11. Bf4 Qb6 12. Qb3 Qxb3 13. axb3 d5 14. Rfc1 Ne8
15. g4 Bg6 16. Ne1 f6 17. Nd3 Bxd3 18. exd3 Kf7 19. Rc2 Ke7 20. Re1 Nb6 21. Bd2
Kd7 22. Bb4 Nd6 23. Rec1 Rac8 24. Bc5 Rc6 25. b4 Rfc8 26. Ra1 a6 27. Bf3 Na8 28.
Re2 Nb5 29. Bxd5 exd5 30. Re7+ Kd8 31. Rae1 b6 32. Re8+ Kc7 33. Bf8 Rxe8 34.
Rxe8 Kb7 35. Bxg7 Nxd4 36. Bxf6 Rxf6 37. Re7+ Nc7 38. Rxh7 Kc6 39. Kg2 Nce6 40.
h4 Nf4+ 41. Kg1 Nf3+ 42. Kf1 Re6 43. Re7 Rxe7 0-1

[Event "Titled Tue 27th May Early"]
[Site "chess.com INT"]
[Date "2025.05.27"]
[Round "1"]
[White "Ismagilov, Damir"]
[Black "Dauer, Andre Leonardo"]
[Result "1-0"]
[WhiteTitle "CM"]
[BlackTitle "CM"]
[WhiteElo "2173"]
[BlackElo "2138"]
[WhiteFideId "34199982"]
[BlackFideId "2126915"]
[EventDate "2025.05.27"]

1. c4 e6 2. Nc3 d5 3. d4 f5 4. Nf3 c6 5. Bf4 Nf6 6. e3 Be7 7. h3 O-O 8. Bd3 Ne4
9. O-O Nd7 10. Rc1 g5 11. Bh2 h5 12. Ne2 g4 13. Ne5 Qe8 14. f3 gxh3 15. fxe4
hxg2 16. Rf2 Nxe5 17. Bxe5 dxe4 18. Rxg2+ Kh7 19. Bb1 Rg8 20. Nf4 Rxg2+ 21. Kxg2
Bd7 22. Qxh5+ Qxh5 23. Nxh5 Rg8+ 24. Ng3 Bg5 25. Rh1+ Kg6 26. Kf2 b6 27. b4 a5
28. c5 axb4 29. cxb6 Bc8 30. Nxe4 fxe4 31. Bxe4+ Kf7 32. Rh7+ Kf8 33. b7 Bxb7
34. Rxb7 Bh4+ 35. Ke2 Rg1 36. Bxc6 Re1+ 37. Kd3 Ra1 38. Bd6+ Kg8 39. Bd7 Kf7 40.
Ba4+ Kg6 41. Be8+ Kf5 42. Rf7+ Kg4 43. Rf4+ Kh3 44. Bd7 Bg3 45. Rf3 Rg1 46.
Rxg3+ Rxg3 47. Bxg3 Kxg3 48. Bxe6 1-0

[Event "Titled Tue 27th May Early"]
[Site "chess.com INT"]
[Date "2025.05.27"]
[Round "1"]
[White "Newansa, M Esandi"]
[Black "Naranjo Moreno, Antonio"]
[Result "0-1"]
[WhiteTitle "WCM"]
[BlackTitle "FM"]
[WhiteElo "1947"]
[BlackElo "2289"]
[WhiteFideId "9999060"]
[BlackFideId "2278626"]
[EventDate "2025.05.27"]

1. d4 Nf6 2. Bf4 g6 3. e3 Bg7 4. c4 O-O 5. Nc3 d6 6. Nf3 Nc6 7. Be2 Nd7 8. h3 e5
9. Bh2 f5 10. dxe5 dxe5 11. O-O g5 12. Qd5+ Kh8 13. Rad1 Qe7 14. Nb5 Nb6 15. Qd2
f4 16. exf4 gxf4 17. Rfe1 Rg8 18. Nc3 Qf7 19. Nd5 Bf8 20. Qc3 Bxh3 21. Nxe5
Rxg2+ 22. Kh1 Nxe5 23. Qxe5+ Bg7 24. Qxf4 Rxf2 25. Qxf7 Rxf7 26. Nxc7 Rg8 27.
Bh5 Rf2 28. Re2 Bg2+ 29. Kg1 Rxe2 30. Bxe2 Bxb2 31. Kf2 Bc6 32. Rd2 Rg2+ 33. Kf1
Rxh2 34. Rxb2 Nxc4 35. Rb4 Ne3+ 36. Ke1 Nc2+ 37. Kd2 Nxb4 38. Ke3 Nxa2 39. Bc4
Nb4 40. Ne6 Rh3+ 41. Kd4 Rh6 42. Nc5 Rh4+ 43. Kc3 Na6 44. Nxa6 bxa6 45. Bxa6 Kg7
46. Bd3 Kf6 47. Kd2 h5 48. Ke3 Rh3+ 49. Ke2 Rxd3 50. Kxd3 Ke5 51. Ke3 a5 52. Kf2
a4 53. Kg3 a3 54. Kh4 0-1

[Event "Titled Tue 27th May Early"]
[Site "chess.com INT"]
[Date "2025.05.27"]
[Round "1"]
[White "Kochavi, Dana"]
[Black "Negrean, Andrei"]
[Result "0-1"]
[WhiteTitle "FM"]
[BlackTitle "FM"]
[WhiteElo "2226"]
[BlackElo "2336"]
[WhiteFideId "2837137"]
[BlackFideId "1291513"]
[EventDate "2025.05.27"]

1. e4 c5 2. Nf3 a6 3. c4 Nc6 4. d4 cxd4 5. Nxd4 e5 6. Nf5 d5 7. cxd5 Bxf5 8.
exf5 Nd4 9. Nc3 Nf6 10. g4 Bd6 11. Bg2 h5 12. g5 Nd7 13. Be4 Nc5 14. f3 Qd7 15.
Be3 Nxf5 16. Bxc5 Bxc5 17. Qd3 Nd6 18. O-O-O Rc8 19. Kb1 g6 20. Rhe1 O-O 21. f4
exf4 22. Rf1 Be3 23. Bxg6 fxg6 24. Qxg6+ Kh8 25. Qh6+ Qh7+ 26. Qxh7+ Kxh7 27.
Kc2 Kg6 28. h4 b5 29. Kd3 b4 30. Ne4 Nxe4 31. Kxe4 Rfe8+ 0-1

[Event "Titled Tue 27th May Early"]
[Site "chess.com INT"]
[Date "2025.05.27"]
[Round "1"]
[White "Akobian, Varuzhan"]
[Black "Saiz Rodriguez, Daniel Evelio"]
[Result "1-0"]
[WhiteTitle "GM"]
[BlackTitle "FM"]
[WhiteElo "2564"]
[BlackElo "2187"]
[WhiteFideId "13300580"]
[BlackFideId "3523420"]
[EventDate "2025.05.27"]

1. d4 d5 2. c4 e6 3. Nc3 Nf6 4. cxd5 Nxd5 5. e4 Nxc3 6. bxc3 c5 7. a3 Be7 8. Nf3
O-O 9. Bc4 b6 10. d5 Bb7 11. O-O exd5 12. Bxd5 Nc6 13. c4 Na5 14. Qd3 Qc7 15.
Bb2 Rad8 16. Rad1 Ba6 17. Qc2 Kh8 18. Rfe1 Qf4 19. h3 Bc8 20. Qc3 Bf6 21. e5 Be7
22. Re4 Qh6 23. Bc1 Qg6 24. Nh4 Bxh4 25. Rxh4 Be6 26. Rd3 Nc6 27. Be4 1-0

[Event "Titled Tue 27th May Early"]
[Site "chess.com INT"]
[Date "2025.05.27"]
[Round "1"]
[White "Yilmaz, Mustafa"]
[Black "Gutierrez Olivares, Daniel"]
[Result "1-0"]
[WhiteTitle "GM"]
[BlackTitle "FM"]
[WhiteElo "2586"]
[BlackElo "2354"]
[WhiteFideId "6302718"]
[BlackFideId "2264005"]
[EventDate "2025.05.27"]

1. c4 Nf6 2. Nc3 d6 3. Nf3 g6 4. g3 Bg7 5. d4 O-O 6. Bg2 Na6 7. O-O c5 8. b3 Bg4
9. e3 Rc8 10. Bb2 cxd4 11. exd4 Nc7 12. h3 Bf5 13. Nh4 d5 14. Nxf5 gxf5 15. c5
Ne4 16. g4 Nxc3 17. Bxc3 fxg4 18. hxg4 Ne6 19. f4 Nxc5 20. Be1 Ne6 21. f5 Nxd4
22. Bf2 Nc6 23. Rc1 d4 24. Be4 Qd6 25. Qf3 Rfd8 26. g5 Ne5 27. Qh3 Rxc1 28. Rxc1
f6 29. g6 hxg6 30. fxg6 d3 31. Be3 Qd7 32. Bf5 Qb5 33. Qh7+ Kf8 34. Be6 1-0

[Event "Titled Tue 27th May Early"]
[Site "chess.com INT"]
[Date "2025.05.27"]
[Round "1"]
[White "Kornev, Alexei"]
[Black "Mikhalsky, Vladimir"]
[Result "0-1"]
[WhiteTitle "GM"]
[WhiteElo "2500"]
[BlackElo "2219"]
[WhiteFideId "4120949"]
[BlackFideId "14144352"]
[EventDate "2025.05.27"]

1. d4 Nf6 2. g3 g6 3. Bg2 Bg7 4. Nf3 O-O 5. O-O d6 6. Nc3 Nbd7 7. a4 e5 8. a5 e4
9. Nd2 d5 10. Nb3 Re8 11. Bf4 Nf8 12. Be5 N8d7 13. Bf4 h6 14. Nb5 c6 15. Nc7 Nh5
16. Nxa8 Nxf4 17. gxf4 Nf6 18. Nc5 Bg4 19. h3 Bh5 20. Nxb7 Qxa8 21. Nc5 Qb8 22.
Qd2 Qb5 23. Rfe1 Bf8 24. Nb3 Bd6 25. e3 Qb8 26. Nc5 Qc8 27. c4 Bf3 28. cxd5 Nxd5
29. Rac1 Qf5 30. Bxf3 exf3 31. Qd1 Qxh3 0-1

[Event "Titled Tue 27th May Early"]
[Site "chess.com INT"]
[Date "2025.05.27"]
[Round "1"]
[White "Kovalenko, Igor"]
[Black "Jahnz, Laurin"]
[Result "1-0"]
[WhiteTitle "GM"]
[BlackTitle "CM"]
[WhiteElo "2676"]
[BlackElo "2233"]
[WhiteFideId "14117908"]
[BlackFideId "16261089"]
[EventDate "2025.05.27"]

1. d4 d5 2. c4 e6 3. Nc3 c6 4. e3 Bd6 5. Qc2 f5 6. Bd3 Nf6 7. Nge2 O-O 8. Bd2
Ne4 9. f3 Qh4+ 10. g3 Nxg3 11. O-O-O Nxh1 12. Rxh1 Nd7 13. cxd5 exd5 14. Bxf5
Nb6 15. Bxc8 Raxc8 16. f4 Nc4 17. Nd1 Rce8 18. Ng3 Qg4 19. Rf1 Re7 20. b3 Nxd2
21. Qxd2 Rfe8 22. Kb2 b6 23. Rf2 a5 24. Qd3 a4 25. Nf5 Rd7 26. Qc2 Qh5 27. Rg2
axb3 28. axb3 c5 29. Nc3 cxd4 30. Nxd5 Kh8 31. Rg5 Qf3 32. Nxd4 Qe4 33. Qc6 Red8
34. Rg3 Bf8 35. Nc3 Qh1 36. Qxh1 1-0

[Event "Titled Tue 27th May Early"]
[Site "chess.com INT"]
[Date "2025.05.27"]
[Round "1"]
[White "Vyom Malhotra"]
[Black "Rothuis, Vincent"]
[Result "0-1"]
[WhiteTitle "CM"]
[BlackTitle "IM"]
[WhiteElo "1975"]
[BlackElo "2346"]
[WhiteFideId "33383561"]
[BlackFideId "1011936"]
[EventDate "2025.05.27"]

1. e4 e5 2. Nf3 Nc6 3. c3 Nf6 4. d4 Nxe4 5. d5 Ne7 6. Nxe5 Ng6 7. Nxg6 hxg6 8.
Bd3 Nf6 9. Bg5 Be7 10. c4 Nxd5 11. Bxe7 Qxe7+ 12. Kd2 Qg5+ 13. Kc2 Nb4+ 14. Kc3
Qf6+ 15. Kxb4 Qxb2+ 16. Qb3 a5+ 17. Ka4 b5+ 18. cxb5 Rh4+ 19. Bc4 Qxa1 20. Re1+
Kd8 21. b6 Rb8 22. bxc7+ Kxc7 23. Qg3+ d6 24. Qxh4 Bd7+ 25. Kxa5 Qb2 26. Bb3
Ra8+ 27. Kb4 Ra4# 0-1

[Event "Titled Tue 27th May Early"]
[Site "chess.com INT"]
[Date "2025.05.27"]
[Round "1"]
[White "Priasmoro, Novendra"]
[Black "Urbina Perez, Juan Antonio"]
[Result "1-0"]
[WhiteTitle "GM"]
[BlackTitle "FM"]
[WhiteElo "2437"]
[BlackElo "2221"]
[WhiteFideId "7105029"]
[BlackFideId "2217368"]
[EventDate "2025.05.27"]

1. e4 c5 2. Nf3 d6 3. d3 g6 4. g3 Bg7 5. Bg2 Nc6 6. O-O e6 7. c3 Nge7 8. Re1 O-O
9. Nbd2 Rb8 10. a4 a6 11. Nf1 b5 12. axb5 axb5 13. d4 b4 14. h4 bxc3 15. bxc3
cxd4 16. cxd4 Qb6 17. Be3 d5 18. e5 Nf5 19. h5 Ba6 20. hxg6 hxg6 21. N1h2 Bc4
22. Ng4 Qb3 23. Qd2 Qb2 24. Rad1 Qxd2 25. Rxd2 Nxe3 26. fxe3 Ne7 27. Nf6+ Bxf6
28. exf6 Nf5 29. g4 Nd6 30. Ne5 Rb7 31. Bf3 Rfb8 32. Nc6 Rb1 33. Bd1 Ne4 34. Rh2
Nxf6 35. Nxb8 Rxb8 36. Bf3 Rb3 37. Kf2 Bd3 38. Reh1 Be4 39. g5 Bxf3 40. Rh8+ Kg7
41. gxf6+ Kxf6 42. Kxf3 1-0

[Event "Titled Tue 27th May Early"]
[Site "chess.com INT"]
[Date "2025.05.27"]
[Round "1"]
[White "Jyothilal, N."]
[Black "Daulet, Alikhan"]
[Result "0-1"]
[WhiteTitle "CM"]
[BlackTitle "CM"]
[WhiteElo "1913"]
[BlackElo "2100"]
[WhiteFideId "5002605"]
[BlackFideId "13741632"]
[EventDate "2025.05.27"]

1. d4 d5 2. Nf3 Nf6 3. c4 dxc4 4. g3 e6 5. Bg2 Nc6 6. O-O Rb8 7. a4 a6 8. a5 b5
9. axb6 cxb6 10. Bf4 Bd6 11. Ne5 Na5 12. Nd2 b5 13. Rxa5 Qxa5 14. Nc6 Qc7 15.
Nxb8 Bxf4 16. Nxa6 Bxa6 17. gxf4 Qxf4 18. e3 Qc7 19. Qa1 Qb6 20. Nf3 O-O 21. Ne5
Bb7 22. Bxb7 Qxb7 23. f3 Ra8 24. Qe1 h6 25. Qg3 Ra2 26. Rf2 Nd5 27. Rg2 f6 28.
Nc6 Nxe3 29. Nd8 Qd7 30. Qb8 Nxg2 31. Nxe6+ Kf7 32. Nd8+ Kg6 33. Kxg2 Rxb2+ 34.
Kg3 Qf5 35. h4 h5 36. Nc6 Qd7 37. Qb6 Qd6+ 38. f4 Kh7 0-1

[Event "Titled Tue 27th May Early"]
[Site "chess.com INT"]
[Date "2025.05.27"]
[Round "1"]
[White "Guliev, Gasan"]
[Black "Atakhan, Abtin"]
[Result "0-1"]
[WhiteTitle "CM"]
[BlackTitle "IM"]
[WhiteElo "2123"]
[BlackElo "2410"]
[WhiteFideId "34165638"]
[BlackFideId "22502203"]
[EventDate "2025.05.27"]

1. d4 Nf6 2. Bg5 e6 3. e4 h6 4. Bxf6 Qxf6 5. Nf3 b6 6. Nc3 Bb4 7. Bd3 Nc6 8. e5
Qe7 9. O-O Bb7 10. d5 exd5 11. Nxd5 Qd8 12. Qe2 Bc5 13. c3 Ne7 14. Nf4 a5 15.
Nh5 O-O 16. Rad1 Ng6 17. Bb1 Qe7 18. Rfe1 Rae8 19. Qd3 Bxf3 20. gxf3 Qg5+ 21.
Ng3 h5 22. Re4 Rxe5 23. f4 Bxf2+ 24. Kxf2 Nxf4 25. Kg1 Nxd3 26. Bxd3 h4 27. Rxe5
Qxe5 28. Nf5 h3 29. Rf1 g6 30. Ng3 Qe3+ 0-1

[Event "Titled Tue 27th May Early"]
[Site "chess.com INT"]
[Date "2025.05.27"]
[Round "1"]
[White "Korchynskyi, Mykola"]
[Black "Dambaev, Dashi"]
[Result "1-0"]
[WhiteTitle "FM"]
[BlackTitle "CM"]
[WhiteElo "2325"]
[BlackElo "2211"]
[WhiteFideId "34138005"]
[BlackFideId "55628494"]
[EventDate "2025.05.27"]

1. d4 Nf6 2. c4 e6 3. Nf3 Bb4+ 4. Bd2 Qe7 5. g3 Nc6 6. Nc3 O-O 7. Bg2 Bxc3 8.
Bxc3 Ne4 9. O-O Nxc3 10. bxc3 d6 11. e4 e5 12. d5 Na5 13. Nd2 b6 14. Kh1 Ba6 15.
Qe2 Qd7 16. f4 Qa4 17. fxe5 dxe5 18. Qh5 Rae8 19. Nf3 f6 20. Bh3 Qxc4 21. Bf5 h6
22. Nh4 Bc8 23. Qg6 Nb7 24. Qh7+ Kf7 25. Bg6+ Ke7 26. Qxg7+ Kd6 27. Rxf6+ Rxf6
28. Qxf6+ Kc5 29. Qc6# 1-0

[Event "Titled Tue 27th May Early"]
[Site "chess.com INT"]
[Date "2025.05.27"]
[Round "1"]
[White "Emeliantsev, Anatoliy"]
[Black "Martin Fuentes, Alberto"]
[Result "0-1"]
[WhiteTitle "FM"]
[BlackTitle "FM"]
[WhiteElo "2359"]
[BlackElo "2376"]
[WhiteFideId "4160681"]
[BlackFideId "2292289"]
[EventDate "2025.05.27"]

1. d4 Nf6 2. c4 c5 3. d5 b5 4. cxb5 a6 5. b6 d6 6. Nc3 g6 7. a4 Qxb6 8. a5 Qb7
9. e4 Bg7 10. Bc4 O-O 11. Nge2 Bd7 12. O-O Bb5 13. Bxb5 axb5 14. Qc2 Nbd7 15.
Bf4 b4 16. Nd1 Qb5 17. Ne3 Rxa5 18. Nc4 Rxa1 19. Rxa1 Nb6 20. Nxb6 Qxb6 21. Qc4
Qb7 22. h3 Ra8 23. Rxa8+ Qxa8 24. g4 Qa1+ 25. Kg2 Qxb2 26. e5 dxe5 27. Bc1 Qb1
28. Qxc5 Qe4+ 29. Kf1 h5 30. gxh5 Nxh5 31. Qxe7 Qxd5 32. Qxb4 f5 33. Bg5 Qd1+
34. Qe1 Qxe1+ 35. Kxe1 Kf7 36. Kf1 Ke6 37. Bd2 Bf6 38. Kg2 Kd5 39. Bh6 Kc4 40.
Ng3 Nxg3 41. Kxg3 Kd3 42. f3 Bd8 43. h4 Bc7 44. Kg2 Ke2 45. Bg5 Bd6 0-1

[Event "Titled Tue 27th May Early"]
[Site "chess.com INT"]
[Date "2025.05.27"]
[Round "1"]
[White "Tristan, Leonardo"]
[Black "Birkisson, Bjorn Holm"]
[Result "1-0"]
[WhiteTitle "GM"]
[BlackTitle "CM"]
[WhiteElo "2536"]
[BlackElo "2123"]
[WhiteFideId "113816"]
[BlackFideId "2310600"]
[EventDate "2025.05.27"]

1. d4 d5 2. Nf3 Nf6 3. Bf4 e6 4. e3 Bd6 5. Bg3 O-O 6. c4 c5 7. Nc3 a6 8. dxc5
Bxc5 9. Qc2 Ne4 10. Bd3 Nxc3 11. Bxh7+ Kh8 12. bxc3 g6 13. Bxg6 fxg6 14. Qxg6
Nc6 15. Ne5 Qf6 16. Qh5+ Kg8 17. O-O Qf5 18. Qg6+ Qxg6 19. Nxg6 Rf6 20. cxd5
Rxg6 21. dxc6 bxc6 22. Rfd1 Kf7 23. Rab1 Ke8 24. Bf4 Be7 25. Rb6 e5 26. Bxe5 Bg4
27. Rdb1 Bf3 28. Bg3 Bd5 29. a4 Kd7 30. Rb7+ Ke6 31. e4 Bxe4 32. Re1 Bc5 33.
Rxe4+ Kd5 34. Rh4 Re8 35. c4+ 1-0

[Event "Titled Tue 27th May Early"]
[Site "chess.com INT"]
[Date "2025.05.27"]
[Round "1"]
[White "Duda, Jan-Krzysztof"]
[Black "Yanev, Tihomir"]
[Result "1-0"]
[WhiteTitle "GM"]
[BlackTitle "IM"]
[WhiteElo "2739"]
[BlackElo "2354"]
[WhiteFideId "1170546"]
[BlackFideId "2910110"]
[EventDate "2025.05.27"]

1. d4 d6 2. e4 Nf6 3. Nc3 g6 4. f4 Bg7 5. Nf3 O-O 6. Bd3 c6 7. a4 Na6 8. e5 Nd5
9. Nxd5 cxd5 10. c3 Nc7 11. h4 Bg4 12. h5 Qd7 13. h6 Bh8 14. O-O dxe5 15. fxe5
f5 16. Bf4 Ne6 17. Qd2 a6 18. a5 Bxf3 19. Rxf3 Rac8 20. Qe2 Nxf4 21. Rxf4 e6 22.
Qe3 Qe7 23. Rf3 Rc7 24. Kh2 Rf7 25. Raf1 Kf8 26. g4 Ke8 27. g5 Kd8 28. Qf4 Kc8
29. Ra1 Kb8 30. Rff1 Rf8 31. Kg3 Rfc8 32. Ra4 Qd7 33. Rfa1 Qe7 34. Qe3 Ka8 35.
Kf4 Qd8 36. Rb4 Qe7 37. Ra3 Qd7 38. Rab3 Rc6 39. Rxb7 Qxb7 40. Rxb7 Kxb7 41. Qc1
Ka7 42. Qa1 R6c7 43. Qa3 Rd7 44. Qb4 Rc6 45. Qf8 1-0

[Event "Titled Tue 27th May Early"]
[Site "chess.com INT"]
[Date "2025.05.27"]
[Round "1"]
[White "Smirnov, Mark"]
[Black "Moinzai, Khushal"]
[Result "1-0"]
[WhiteTitle "FM"]
[BlackTitle "FM"]
[WhiteElo "2348"]
[BlackElo "1894"]
[WhiteFideId "13764594"]
[BlackFideId "11701200"]
[EventDate "2025.05.27"]

1. e4 c5 2. Nf3 e6 3. g3 Nc6 4. Bg2 g6 5. c3 Bg7 6. d4 cxd4 7. cxd4 d5 8. e5
Nge7 9. Nc3 O-O 10. Bf4 b6 11. h4 Ba6 12. h5 Nb4 13. Bf1 Qc8 14. a3 Bxf1 15.
Rxf1 Nbc6 16. Rh1 Qa6 17. Qd2 Na5 18. Rd1 Nf5 19. g4 Nc4 20. Qd3 Ne7 21. b3 Qxa3
22. bxc4 dxc4 23. Qe3 Qb4 24. Kf1 g5 25. Bxg5 f6 26. exf6 Bxf6 27. Qxe6+ Rf7 28.
Ne4 Qb3 29. Nxf6+ Kh8 30. Qxf7 Qc2 31. Ne5 1-0

[Event "Titled Tue 27th May Early"]
[Site "chess.com INT"]
[Date "2025.05.27"]
[Round "1"]
[White "Garcia Correa, Jose Ricardo"]
[Black "Aghaei, Alireza"]
[Result "1-0"]
[WhiteTitle "FM"]
[BlackTitle "CM"]
[WhiteElo "2103"]
[BlackElo "2204"]
[WhiteFideId "5101832"]
[BlackFideId "12509914"]
[EventDate "2025.05.27"]

1. e4 c5 2. Nf3 d6 3. d4 cxd4 4. Nxd4 Nf6 5. Nc3 a6 6. f4 e5 7. Nf3 Nbd7 8. Bd3
Be7 9. O-O b5 10. a3 O-O 11. Qe1 Bb7 12. fxe5 Nxe5 13. Nd4 d5 14. exd5 Nxd3 15.
cxd3 Bc5 16. Be3 Re8 17. Qf2 Ng4 18. Qxf7+ Kh8 19. Ne6 Bxe3+ 20. Kh1 Qe7 21. Qf3
Qh4 22. h3 Nf2+ 23. Kh2 Bb6 24. Qf7 Re7 25. Qf5 Rg8 26. d4 Rxe6 27. dxe6 Bxd4
28. e7 Qxe7 29. Rxf2 Bxf2 30. Qxf2 Rf8 31. Qg3 h6 32. Re1 Qf7 33. Qd6 1-0

[Event "Titled Tue 27th May Early"]
[Site "chess.com INT"]
[Date "2025.05.27"]
[Round "1"]
[White "Giri, Anish"]
[Black "Senthilkumar, Pranav"]
[Result "1-0"]
[WhiteTitle "GM"]
[BlackTitle "CM"]
[WhiteElo "2738"]
[BlackElo "2061"]
[WhiteFideId "24116068"]
[BlackFideId "2083477"]
[EventDate "2025.05.27"]

1. Nf3 Nf6 2. e3 e5 3. Be2 d6 4. O-O Be7 5. c4 O-O 6. Nc3 c6 7. b3 Nbd7 8. Bb2
Re8 9. Qc2 Nf8 10. d4 exd4 11. Nxd4 d5 12. Rad1 Be6 13. cxd5 cxd5 14. Nxe6 fxe6
15. e4 Qc7 16. exd5 Nxd5 17. Bc4 Nxc3 18. Bxc3 Bf6 19. Bxf6 gxf6 20. Qe4 Kh8 21.
Rd3 f5 22. Qh4 Qg7 23. Rfd1 e5 24. Rd6 Qe7 25. Qh5 f4 26. Bf7 Rec8 27. Re6 Qc5
28. Rxe5 Qc2 29. h3 Ng6 30. Rg5 Kg7 31. Bxg6 hxg6 32. Rd7+ Kf6 33. Rxg6+ Qxg6
34. Rd6+ 1-0

[Event "Titled Tue 27th May Early"]
[Site "chess.com INT"]
[Date "2025.05.27"]
[Round "1"]
[White "Ebrahimi Herab, Hamidreza"]
[Black "Altynbek, Aiaru"]
[Result "1-0"]
[WhiteTitle "FM"]
[BlackTitle "WFM"]
[WhiteElo "2404"]
[BlackElo "1977"]
[WhiteFideId "22512888"]
[BlackFideId "13752472"]
[EventDate "2025.05.27"]

1. d4 d5 2. c4 e6 3. Nc3 Be7 4. cxd5 exd5 5. Bf4 c6 6. e3 Bf5 7. Bd3 Bxd3 8.
Qxd3 Nf6 9. Nge2 O-O 10. O-O h6 11. f3 c5 12. Rad1 Re8 13. Kh1 Nc6 14. Be5 cxd4
15. exd4 Nd7 16. Nxd5 Ndxe5 17. dxe5 Qa5 18. Nec3 Nxe5 19. Qf5 Nc6 20. Rfe1 Bf8
21. Ne4 Re6 22. a3 g6 23. Qf4 Rd8 24. b4 Qb5 25. Ndc3 Rxd1 26. Rxd1 Qc4 27. Nf6+
Rxf6 28. Qxc4 1-0

[Event "Titled Tue 27th May Early"]
[Site "chess.com INT"]
[Date "2025.05.27"]
[Round "1"]
[White "Sheehan, Ethan"]
[Black "Diaz Vasquez, Martin"]
[Result "1-0"]
[BlackTitle "CM"]
[WhiteElo "2380"]
[BlackElo "2266"]
[WhiteFideId "30943965"]
[BlackFideId "3410579"]
[EventDate "2025.05.27"]

1. d4 d5 2. Nf3 Nf6 3. c4 e6 4. Nc3 h6 5. cxd5 exd5 6. Bf4 Bd6 7. Bxd6 Qxd6 8.
e3 O-O 9. Bd3 Bg4 10. O-O c6 11. Rb1 Nbd7 12. h3 Bxf3 13. Qxf3 Rfe8 14. Rfc1 Qe7
15. Qe2 a6 16. Na4 Ne4 17. Bxe4 Qxe4 18. Qd2 Re6 19. Qc2 Qh4 20. b4 Rg6 21. Nc5
Qg5 22. g3 Nf6 23. Kg2 Re8 24. Qe2 Ne4 25. Nxe4 Rxe4 26. a4 h5 27. Kh2 h4 28.
Rg1 Qf6 29. Rbe1 hxg3+ 30. Rxg3 Rh6 31. Reg1 Reh4 32. Rxg7+ Qxg7 33. Rxg7+ Kxg7
34. Qf3 Rxh3+ 35. Qxh3 Rxh3+ 36. Kxh3 Kf6 37. Kg4 b6 38. f3 Ke6 39. e4 f6 40.
Kf4 Kd6 41. Kf5 c5 42. bxc5+ bxc5 43. dxc5+ Kxc5 44. exd5 Kxd5 45. Kxf6 Kc4 46.
f4 Kb4 47. f5 Kxa4 48. Ke5 Kb3 49. f6 a5 50. f7 a4 51. f8=Q a3 52. Qb8+ Ka2 53.
Kd4 Ka1 54. Kc3 1-0